| 000 | 00693nam a22001577a 4500 | ||
|---|---|---|---|
| 999 |
_c61208 _d61208 |
||
| 005 | 20240108145241.0 | ||
| 008 | 240108s1950 ru ||||| |||| 00| 0 rus d | ||
| 041 | _arus | ||
| 080 | _a008(38)+94(38) P-22 | ||
| 100 |
_aРанович, A. Б. _920956 |
||
| 245 |
_aЭллинизм и его историческая роль / _cА.Б. Ранович; Академия Наук СССР, Институт истории. |
||
| 264 |
_aМосква - Ленинград : _bИзд-во Академии Наук СССР, _c1950. |
||
| 300 |
_a382 с.; _b22 см. |
||
| 653 | _aელინიზმი და მისი ისტორიული როლი | ||
| 942 |
_2udc _cᲬᲘᲒᲜᲘ |
||